Desigualdades en la globalización : migraciones y movilidades en el espacio social transnacional /

Detalles Bibliográficos
Autor principal: Wagner, Anne-Catherine (Autor)
Otros Autores: Jiménez Zunino, Cecilia Inés (Traductor, contributor agent of text.)
Formato: Electrónico eBook
Lenguaje:español
Publicado: Villa María, Córdoba, Argentina : Eduvim, 2023.
Colección:Entre culturas (Editorial Eduvim (Firm))
Materias:
Acceso en línea:Digitalia Hispánica

MARC

LEADER 00000nam a2200000Ii 4500
001 DIGEDUV0298
003 NyNyDIG
006 m o d
007 cr |||||||||||
008 240901s2023 ag ob 000 0 spa d
035 |a (OCoLC)1454785654 
040 |a DGITA  |b eng  |e rda  |e pn  |c DGITA 
020 |a 9789876998024  |q eBook 
020 |z 9789876997911 
050 1 4 |a HF1365 ebook 
100 1 |a Wagner, Anne-Catherine,  |e author. 
245 1 0 |a Desigualdades en la globalización :  |b migraciones y movilidades en el espacio social transnacional /  |c Anne-Catherine Wagner ; traducción y prólogo de Cecilia Jiménez Zunino. 
264 1 |a Villa María, Córdoba, Argentina :  |b Eduvim,  |c 2023. 
300 |a 1 online resource. 
336 |a text  |b txt  |2 rdacontent 
337 |a computer  |b c  |2 rdamedia 
338 |a online resource  |b cr  |2 rdacarrier 
347 |a text file  |2 rdaft 
347 |b EPUB 
504 |a Includes bibliographical references. 
588 0 |a Online resource; title from ePub title page (Digitalia, viewed September 1, 2024) 
650 0 |a Globalization  |x Social aspects. 
700 1 |a Jiménez Zunino, Cecilia Inés,  |e translator,  |e contributor agent of text. 
776 0 8 |i Print version:  |a Wagner, Anne-Catherine.  |t Desigualdades en la globalización.  |d Villa María, Córdoba, Argentina : Eduvim, 2023  |z 9789876997911 
791 2 |a Digitalia (Firm),  |e distributor. 
793 0 |g Digitalia eBook Collection:  |a Ediciones Eduvim 
830 0 |a Entre culturas (Editorial Eduvim (Firm)) 
856 4 0 |3 Digitalia Hispánica  |u https://www.digitaliapublishing.com/a/158311/ 
910 |a Premium collection: 2024